| 000 | 00931pam a2200265 a 4500 | ||
|---|---|---|---|
| 999 |
_c1496 _d1496 |
||
| 001 | 1509522 | ||
| 003 | OSt | ||
| 005 | 20180914123330.0 | ||
| 008 | 890310s1989 ilu 001 0 eng | ||
| 010 | _a 89031814 | ||
| 020 | _a0830812822 | ||
| 040 |
_aDLC _cDLC _dDLC |
||
| 050 | 0 | 0 |
_aBS2650.2 _b.B73 1989 |
| 082 | 0 | 0 |
_a227/.077 _220 _bB825h |
| 100 | 1 | _aBrauch, Manfred T. | |
| 245 | 1 | 0 |
_aHard sayings of Paul / _cManfred T. Brauch. |
| 260 |
_aDowners Grove, Ill. : _bInterVarsity Press, _cc1989. |
||
| 300 |
_a278 p. ; _c21 cm. |
||
| 500 | _aIncludes index. | ||
| 630 | 0 | 0 |
_aBible. _pEpistles of Paul _xCriticism, interpretation, etc. |
| 856 | 4 | 2 |
_3Contributor biographical information _uhttp://www.loc.gov/catdir/enhancements/fy1007/89031814-b.html |
| 906 |
_a7 _bcbc _corignew _d1 _eocip _f19 _gy-gencatlg |
||
| 942 |
_2ddc _cBK |
||